| 000 | 01027nam0a22003251 4500 | ||
|---|---|---|---|
| 001 | v19\rc\1811887 | ||
| 005 | 20251118180037.8 | ||
| 035 | _a(NLR Aleph) 004938564 | ||
| 090 |
_a5756165 _c5756165 |
||
| 100 | _a20071224d1906 u y0rusy50 ca | ||
| 101 | 0 | _arus | |
| 102 | _aRU | ||
| 105 | _ay z ||||| | ||
| 200 | 1 |
_aИстория одной стачки _fСатурин Д. [псевд.] |
|
| 210 |
_aРостов-на-Дону _cК свету _d1906 |
||
| 215 |
_a27 с. _d20 |
||
| 300 | _aАвт. установлен по изд.: Масанов, И.Ф. Словарь псевдонимов... М., 1958. Т. 3. С. 97 | ||
| 700 | 1 |
_aСоскис _bД.В. |
|
| 790 | 1 |
_aСатурин _bД. |
|
| 801 | 0 |
_aRU _bNLR _gpsbo |
|
| 801 | 0 |
_aRU _bRuMoRGB _2psbo |
|
| 801 | 1 |
_aRU _bProSoft-M _2rusmarc |
|
| 852 |
_aNLR _j34.50.5.1071 |
||
| 899 |
_aRuMoRGB _jM 77/1333 |
||
| 899 |
_aRuMoRGB _jРб 6/1751 |
||
| 899 |
_aRuMoRGB _jРб 15/1288 |
||
| 899 |
_aRuMoRGB _jРб 15/1634 |
||
| 899 | _aБАН | ||
| 942 | _cBOOK | ||
| 980 | _aNB | ||